000
00299nam a22001337a 4500
020
_q
P.B
040
_c
FIZZA ISHAQ
082
_a
005.133
_b
JER
100
_a
HANLY, J.,R.
_9
55378
245
_a
PROBLRM SOLVING /
260
_a
NEW DEHLI :
_b
PEARSON,
_c
2004.
300
_a
879 P. ;
942
_2
ddc
_c
BK
999
_c
566229
_d
566229